Provinces de l'Argentine. - Statistiques

Statistiques générales
  • Ce quiz a été pris 22 fois
  • Le résultat moyen est 3 sur 23
Statistiques - réponses
Hint Réponse % Correct
3 Terre de Feu
70%
14 Rio Negro
40%
15 Neuquen
30%
22 Santiago del Estero
10%
23 Province de Catamarca
10%
20 Province de Santa Cruz
10%
1 Province de Buenos Aires
10%
16 Province de Chubut
10%
4 Province de Córdoba
10%
13 Province de Corrientes
10%
19 Province de Formosa
10%
12 Province de Jujuy
10%
8 Province de La Pampa
10%
21 Province de La Rioja
10%
9 Province de Mendoza
10%
2 Province de Misiones
10%
5 Province d'Entre Ríos
10%
10 Province de Salta
10%
17 Province de San Juan
10%
18 Province de San Luis
10%
7 Province de Santa Fe
10%
11 Province de Tucumán
10%
6 Province du Chaco
0%
Aucun quiz correspondant
Distribution des résultats
% des personnes avec chaque résultat
Percentile par nombre de réponses
Votre historique - résultats
Vous n’avez pas pris ce quiz